<?xml version="1.0" encoding="UTF-8"?>
<record
    xmlns:xsi="http://www.w3.org/2001/XMLSchema-instance"
    xsi:schemaLocation="http://www.loc.gov/MARC21/slim http://www.loc.gov/standards/marcxml/schema/MARC21slim.xsd"
    xmlns="http://www.loc.gov/MARC21/slim">

  <leader>01024nam a22002417a 4500</leader>
  <controlfield tag="005">20260424110914.0</controlfield>
  <controlfield tag="008">241217b           ||||| |||| 00| 0 eng d</controlfield>
  <datafield tag="020" ind1=" " ind2=" ">
    <subfield code="a">9789388918121</subfield>
  </datafield>
  <datafield tag="040" ind1=" " ind2=" ">
    <subfield code="c">AL</subfield>
  </datafield>
  <datafield tag="041" ind1=" " ind2=" ">
    <subfield code="a">eng</subfield>
  </datafield>
  <datafield tag="082" ind1=" " ind2=" ">
    <subfield code="2">23</subfield>
    <subfield code="a">347.05</subfield>
    <subfield code="b">MULC</subfield>
  </datafield>
  <datafield tag="100" ind1=" " ind2=" ">
    <subfield code="a">Mulla</subfield>
    <subfield code="9">262579</subfield>
  </datafield>
  <datafield tag="245" ind1=" " ind2=" ">
    <subfield code="a">Classic commentary on the code of civil procedure 1908</subfield>
  </datafield>
  <datafield tag="260" ind1=" " ind2=" ">
    <subfield code="a">Delhi</subfield>
    <subfield code="b">Delhi Law House</subfield>
    <subfield code="c">2025</subfield>
  </datafield>
  <datafield tag="300" ind1=" " ind2=" ">
    <subfield code="a">clxxxviii,1822,48p</subfield>
  </datafield>
  <datafield tag="365" ind1=" " ind2=" ">
    <subfield code="2">Law</subfield>
    <subfield code="a">1172</subfield>
    <subfield code="b">3062.35</subfield>
    <subfield code="c">&#x20B9;</subfield>
    <subfield code="d">4195.00</subfield>
    <subfield code="e">27%</subfield>
    <subfield code="f">14-12-2024</subfield>
  </datafield>
  <datafield tag="520" ind1=" " ind2=" ">
    <subfield code="a">Mulla&#x2019;s Commentary on the Code of Civil Procedure (Act No. 5 of 1908) is a foundational 3-volume legal treatise providing comprehensive section-wise analysis, case law, and judicial interpretations of Indian civil procedural law. First published in 1900, it is widely regarded as a classic text for judges and lawyers.</subfield>
  </datafield>
  <datafield tag="650" ind1=" " ind2=" ">
    <subfield code="a">Meditation Act 2023</subfield>
    <subfield code="9">191335</subfield>
  </datafield>
  <datafield tag="650" ind1=" " ind2=" ">
    <subfield code="a">Act No 5 of 1908</subfield>
    <subfield code="9">191336</subfield>
  </datafield>
  <datafield tag="700" ind1=" " ind2=" ">
    <subfield code="a">Aggarwala, Adish C</subfield>
    <subfield code="9">191337</subfield>
  </datafield>
  <datafield tag="700" ind1=" " ind2=" ">
    <subfield code="a">Deshpande, Bhagyashree</subfield>
    <subfield code="9">191338</subfield>
  </datafield>
  <datafield tag="942" ind1=" " ind2=" ">
    <subfield code="2">ddc</subfield>
    <subfield code="c">BK</subfield>
  </datafield>
  <datafield tag="999" ind1=" " ind2=" ">
    <subfield code="c">233018</subfield>
    <subfield code="d">233018</subfield>
  </datafield>
  <datafield tag="952" ind1=" " ind2=" ">
    <subfield code="0">0</subfield>
    <subfield code="1">0</subfield>
    <subfield code="2">ddc</subfield>
    <subfield code="4">0</subfield>
    <subfield code="7">0</subfield>
    <subfield code="8">Law</subfield>
    <subfield code="a">LL</subfield>
    <subfield code="b">LL</subfield>
    <subfield code="d">2024-12-17</subfield>
    <subfield code="e">MPP House Law Books Publishers Bengaluru-560009</subfield>
    <subfield code="g">3062.35</subfield>
    <subfield code="l">0</subfield>
    <subfield code="o">347.05 MULC</subfield>
    <subfield code="p">LL002275</subfield>
    <subfield code="r">2024-12-17 00:00:00</subfield>
    <subfield code="v">4195.00</subfield>
    <subfield code="w">2024-12-17</subfield>
    <subfield code="y">BK</subfield>
  </datafield>
  <datafield tag="952" ind1=" " ind2=" ">
    <subfield code="0">0</subfield>
    <subfield code="1">0</subfield>
    <subfield code="2">ddc</subfield>
    <subfield code="4">0</subfield>
    <subfield code="7">0</subfield>
    <subfield code="8">Law</subfield>
    <subfield code="a">LL</subfield>
    <subfield code="b">LL</subfield>
    <subfield code="d">2026-04-16</subfield>
    <subfield code="e">MPP House Bengaluru-560009</subfield>
    <subfield code="g">3146.25</subfield>
    <subfield code="l">0</subfield>
    <subfield code="o">347.05 MULC</subfield>
    <subfield code="p">LL002573</subfield>
    <subfield code="r">2026-04-24 11:14:27</subfield>
    <subfield code="v">4195.00</subfield>
    <subfield code="w">2026-03-14</subfield>
    <subfield code="y">BK</subfield>
  </datafield>
  <datafield tag="952" ind1=" " ind2=" ">
    <subfield code="0">0</subfield>
    <subfield code="1">0</subfield>
    <subfield code="2">ddc</subfield>
    <subfield code="4">0</subfield>
    <subfield code="7">0</subfield>
    <subfield code="8">Law</subfield>
    <subfield code="a">LL</subfield>
    <subfield code="b">LL</subfield>
    <subfield code="d">2026-04-23</subfield>
    <subfield code="e">MPP House Bengaluru-560009</subfield>
    <subfield code="g">3146.25</subfield>
    <subfield code="l">0</subfield>
    <subfield code="o">347.05 MULC</subfield>
    <subfield code="p">LL002725</subfield>
    <subfield code="r">2026-04-24 11:42:24</subfield>
    <subfield code="v">4195.00</subfield>
    <subfield code="w">2026-03-21</subfield>
    <subfield code="y">BK</subfield>
  </datafield>
  <datafield tag="952" ind1=" " ind2=" ">
    <subfield code="0">0</subfield>
    <subfield code="1">0</subfield>
    <subfield code="2">ddc</subfield>
    <subfield code="4">0</subfield>
    <subfield code="7">0</subfield>
    <subfield code="8">Law</subfield>
    <subfield code="a">LL</subfield>
    <subfield code="b">LL</subfield>
    <subfield code="d">2026-04-23</subfield>
    <subfield code="e">MPP House Bengaluru-560009</subfield>
    <subfield code="g">3146.25</subfield>
    <subfield code="l">0</subfield>
    <subfield code="o">347.05 MULC</subfield>
    <subfield code="p">LL002726</subfield>
    <subfield code="r">2026-04-24 11:42:24</subfield>
    <subfield code="v">4195.00</subfield>
    <subfield code="w">2026-03-21</subfield>
    <subfield code="y">BK</subfield>
  </datafield>
</record>
